Basic texts of the food and Agriculture organization of the United Nation

Guardat en:
Dades bibliogràfiques
Autor principal: FOOD and Agriculture Organization of the United Nation
Format: Llibre
Idioma:anglès
Publicat: Food and Agriculture Organization (FAO) 2000
Etiquetes: Afegir etiqueta
Sense etiquetes, Sigues el primer a etiquetar aquest registre!

MARC

LEADER 00000nam a22000007a 4500
008 210826b ||||| |||| 00| 0 eng d
020 |a 9251045186 
100 |a FOOD and Agriculture Organization of the United Nation 
245 |a Basic texts  |b of the food and Agriculture organization of the United Nation   |c FOOD and Agriculture Organization of the United Nation  |g 246p. 
260 |b Food and Agriculture Organization (FAO)  |c 2000  |h Rome, Italy  |i 694112  |l S401. F73  |m  Food and Agriculture organization of the United Nations ....... Constitution  |m Administration 
500 |a Vols. i and ii 
942 |a lcc  |c BK  |e Adeyeye Y. S.  |f 26 - 08 - 2021 
952 |0 0  |1 0  |2 lcc  |4 0  |6 S0401 F73  |7 0  |9 3245  |a HOL  |b HOL  |c QZ  |d 2021-08-26  |l 0  |o S 401 . F 73  |p 2021-66940  |r 2021-08-26 00:00:00  |w 2021-08-26  |y BK 
999 |c 1623  |d 1623